书目信息 |
| 题名: |
编译原理
|
|
| 作者: | 蒋伟进 主编 | |
| 分册: | ||
| 出版信息: | 长沙 中南大学出版社 2005.08 |
|
| 页数: | 237页 | |
| 开本: | 26cm | |
| 丛书名: | ||
| 单 册: | ||
| 中图分类: | TP314 | |
| 科图分类: | ||
| 主题词: | 编译程序--bian yi cheng xu--高等学校--教材 | |
| 电子资源: | ||
| ISBN: | 7-81105-159-1 | |
| 000 | 00869am0 2200253 450 | |
| 001 | 012006304989 | |
| 005 | 20060906093140.48 | |
| 010 | @a7-81105-159-1@dCNY22.00 | |
| 100 | @a20060610d2005 km y0chiy0120 ea | |
| 101 | 0 | @achi |
| 102 | @aCN@b430000 | |
| 105 | @aa a 000yy | |
| 200 | 1 | @a编译原理@Abian yi yuan li@f蒋伟进主编@Fjiang wei jin zhu bian |
| 210 | @a长沙@c中南大学出版社@d2005.08 | |
| 215 | @a237页@c图@d26cm | |
| 300 | @a高等院校计算机系列教材 | |
| 300 | @a湖南省计算机学会规划教材 | |
| 320 | @a有书目 (第237页)。 | |
| 330 | @a本书阐述了编译原理的基本概念、基本技术和实现方法,内容包括:编译原理概述、文法和语言基础、词法分析和有穷自动机符号表的组织和管理等。 | |
| 606 | 0 | @a编译程序@Abian yi cheng xu@x高等学校@j教材 |
| 690 | @aTP314@v4 | |
| 701 | 0 | @a蒋伟进@Ajiang wei jin@4主编 |
| 801 | 0 | @aCN@bQSSK@c20060906 |
| 905 | @a10447@dTP314@eJ592 | |
| 编译原理/蒋伟进主编.-长沙:中南大学出版社,2005.08 |
| 237页:图;26cm |
| 高等院校计算机系列教材.-湖南省计算机学会规划教材 |
| ISBN 7-81105-159-1:CNY22.00 |
| 本书阐述了编译原理的基本概念、基本技术和实现方法,内容包括:编译原理概述、文法和语言基础、词法分析和有穷自动机符号表的组织和管理等。 |
| ● |
| 相关链接 |
|
|
|
正题名:编译原理
索取号:TP314/J592
 
预约/预借
| 序号 | 登录号 | 条形码 | 馆藏地/架位号 | 状态 | 备注 |
| 1 | 584908 | 205849082 | 自科库301/301自科库 57排2列4层/ [索取号:TP314/J592] | 在馆 | |
| 2 | 584909 | 205849091 | 自科库301/301自科库 57排2列4层/ [索取号:TP314/J592] | 在馆 | |
| 3 | 584910 | 205849108 | 自科库301/301自科库 51排1列1层/ [索取号:TP314/J592] | 在馆 |